Vplyv psychológia presviedčania
Enregistré dans:
| Auteur principal: | |
|---|---|
| Format: | Livre |
| Langue: | slovaque |
| Publié: |
Bratislava
Eastone Books
2021
|
| Édition: | doplnené a rozšírené vydanie |
| Tags: |
Pas de tags, Soyez le premier à ajouter un tag!
|
MARC
| LEADER | 00000nam a2200000 4500 | ||
|---|---|---|---|
| 001 | 0304987 | ||
| 005 | 20241218141516.0 | ||
| 020 | |a 978-80-8109-426-2 | ||
| 041 | 0 | |a slo | |
| 044 | |a SK | ||
| 245 | 1 | 0 | |a Vplyv |b psychológia presviedčania |c Robert B. Cialdini |
| 250 | |a doplnené a rozšírené vydanie | ||
| 264 | 1 | |a Bratislava |b Eastone Books |c 2021 | |
| 300 | |a [480 s.] | ||
| 100 | 1 | |a Cialdini, Robert B. | |